Sepulcros artísticos de Avila / (Record no. 135810)

MARC details
000 -LEADER
campo de control de longitud fija 00538nam a2200169 4500
001 - NÚMERO DE CONTROL
campo de control 135810
003 - IDENTIFICADOR DE NÚMERO DE CONTROL
campo de control ES-MaACL
005 - FECHA Y HORA DE LA ÚLTIMA TRANSACCIÓN
campo de control 20230906194949.0
007 - CAMPO FIJO DE DESCRIPCIÓN FÍSICA--INFORMACIÓN GENERAL
campo de control de longitud fija t|
008 - DATOS DE LONGITUD FIJA--INFORMACIÓN GENERAL
campo de control de longitud fija 070214s1964 sp r ||||1| spa d
100 1# - ENTRADA PRINCIPAL--NOMBRE DE PERSONA
Nombre de persona Ruiz Ayúcar, Eduardo.
9 (RLIN) 100663
245 10 - MENCIÓN DEL TÍTULO
Título Sepulcros artísticos de Avila /
Mención de responsabilidad, etc. por Eduardo Ruiz Ayúcar.
260 ## - PUBLICACIÓN, DISTRIBUCIÓN, ETC.
Lugar de publicación, distribución, etc. Avila :
Nombre del editor, distribuidor, etc. Diputación Provincial,
Fecha de publicación, distribución, etc. 1964.
300 ## - DESCRIPCIÓN FÍSICA
Extensión 167 p., 1 lám. :
Otras características físicas il. ;
Dimensiones 24 cm.
710 2# - ENTRADA AGREGADA--NOMBRE DE ENTIDAD CORPORATIVA
Nombre de entidad corporativa o nombre de jurisdicción como elemento de entrada Avila (Provincia).
Unidad subordinada Diputación Provincial.
9 (RLIN) 2075
852 ## - LOCALIZACIÓN
Ubicación ES-MaACL
Número de control de estantería C-27184
Sublocalización o colección R.54763
Holdings
Estatus retirado Estado de pérdida Estado de daño No para préstamo Biblioteca de origen Biblioteca actual Ubicación en estantería Fecha de adquisición Fuente de adquisición Total de préstamos Signatura topográfica completa Código de barras Visto por última vez Precio de reemplazo Tipo de ítem Koha
        Biblioteca del Ateneo de Madrid Biblioteca del Ateneo de Madrid Depósito 2 17/01/2008     C-27184 1141348 23/02/2023 23/02/2023 Libro impreso